Constitutional and administrative law / (Record no. 3938)
[ view plain ]
| 000 -LEADER | |
|---|---|
| fixed length control field | 00721nam a2200241 a 4500 |
| 001 - CONTROL NUMBER | |
| control field | 3938 |
| 003 - CONTROL NUMBER IDENTIFIER | |
| rucl marc code | BD-RjUL |
| 005 - DATE AND TIME OF LATEST TRANSACTION | |
| control field | 20211208233815.0 |
| 008 - FIXED-LENGTH DATA ELEMENTS--GENERAL INFORMATION | |
| fixed length control field | 170119s1961 enk b 001 0 eng d |
| 035 ## - SYSTEM CONTROL NUMBER | |
| System control number | (BD-RjUL)3972 |
| 040 ## - CATALOGING SOURCE | |
| Original cataloging agency | DLC |
| Transcribing agency | FUB |
| Modifying agency | BD-RjUL |
| Language of cataloging | eng |
| 041 ## - LANGUAGE CODE | |
| Language code of text/sound track or separate title | eng |
| 082 00 - DEWEY DECIMAL CLASSIFICATION NUMBER | |
| Classification number | 342.4102 |
| Edition number | 23 |
| Author mark and year | LAC 1961 |
| 100 1# - MAIN ENTRY--PERSONAL NAME | |
| Personal name | Lawson, F. H. |
| 9 (RLIN) | 12549 |
| 245 10 - TITLE STATEMENT | |
| Title | Constitutional and administrative law / |
| Statement of responsibility, etc. | by F.H. Lawson and D.J. Bentley |
| 260 ## - PUBLICATION, DISTRIBUTION, ETC. (IMPRINT) | |
| Place of publication, distribution, etc. | London : |
| Name of publisher, distributor, etc. | Butterworths, |
| Date of publication, distribution, etc. | 1961. |
| 300 ## - PHYSICAL DESCRIPTION | |
| Pagination | xxiv, 395 p. ; |
| Size | 23 cm |
| 500 ## - GENERAL NOTE | |
| General note | Includes index. |
| 650 #0 - SUBJECT ADDED ENTRY--TOPICAL TERM | |
| Topical term or geographic name as entry element | Administrative law |
| Geographic subdivision | Great Britain. |
| 9 (RLIN) | 11695 |
| Topical term or geographic name as entry element | Constitutional law |
| Geographic subdivision | Great Britain |
| 9 (RLIN) | 11694 |
| 700 1# - ADDED ENTRY--PERSONAL NAME | |
| Personal name | Bentley, D. J. |
| 942 ## - ADDED ENTRY ELEMENTS (KOHA) | |
| Source of classification or shelving scheme | Dewey Decimal Classification |
| Koha item type | Books |
| Lost status | Source of classification or shelving scheme | Damaged status | Not for loan | Collection code | Permanent Location | Current Location | Shelving location | Date acquired | Source of acquisition | Cost, normal purchase price | Total Checkouts | Full call number | Date last seen | Date checked out | Copy number | Koha item type |
|---|---|---|---|---|---|---|---|---|---|---|---|---|---|---|---|---|
| Dewey Decimal Classification | Non-fiction | Central Library, University of Rajshahi | Central Library, University of Rajshahi | 18/11/1970 | Sweets & Zeitlingers | 42.00 | 1 | 342.4102 LAC 1961 | 18/03/2018 | 01/03/2018 | C-3 | Books | ||||
| Dewey Decimal Classification | Not For Loan | Non-fiction | Central Library, University of Rajshahi | Central Library, University of Rajshahi | Reading Room | 18/11/1970 | Sweets & Zeitlinger | 42.00 | 342.4102 LAC 1961 | 21/12/2016 | C-1 | Books | ||||
| Dewey Decimal Classification | Non-fiction | Central Library, University of Rajshahi | Central Library, University of Rajshahi | 09/12/1970 | Sweets & zeithiger | 42.00 | 1 | 342.4102 LAC 1961 | 12/01/2020 | 15/12/2019 | C-2 | Books |